UBT Library

Maynard's Industrial Engineering Handbook (Record no. 589)

000 -LEADER
fixed length control field 00650nam a22002297a 4500
005 - DATE AND TIME OF LATEST TRANSACTION
control field 20150330052347.0
006 - FIXED-LENGTH DATA ELEMENTS--ADDITIONAL MATERIAL CHARACTERISTICS--GENERAL INFORMATION
fixed length control field
008 - FIXED-LENGTH DATA ELEMENTS--GENERAL INFORMATION
fixed length control field 000614e20010515nyua es|||||||| 2|eng|d
020 ## - INTERNATIONAL STANDARD BOOK NUMBER
International Standard Book Number 9780070411029
041 0# - LANGUAGE CODE
Language code of text/sound track or separate title eng
080 ## - UNIVERSAL DECIMAL CLASSIFICATION NUMBER
Universal Decimal Classification number 658.5
100 1# - Rafti
Rafti Zandin, Kjell B.
210 10 - ABBREVIATED TITLE
Abbreviated title Maynard's Industrial Engineering Handbook
245 10 - TITLE STATEMENT
Title Maynard's Industrial Engineering Handbook
250 ## -
-- 5th ed.,Revised
260 ## -
-- New York :
-- McGraw-Hill Professional Publishing
-- 2001
300 ## -
-- 1.34
-- me il.;
-- 24 cm
505 ## -
-- Index: f. 1.5 - 1.34
650 ## -
-- Ingjinjeri Industriale
700 1# -
-- Maynard, Harold B.
-- 1902-
942 ## - ADDED ENTRY ELEMENTS (KOHA)
Source of classification or shelving scheme
Item type Books
Holdings
Withdrawn status Lost status Source of classification or shelving scheme Damaged status Not for loan Collection code Permanent location Current location Shelving location Date acquired Total Checkouts Full call number Date last seen Koha item type
          Koleksioni i përgjithshem UBT - Lipjan UBT - Lipjan Koleksioni i përgjithshem 03/30/2015   658.5 ZAN 03/30/2015 Books
UBT Library © 2015-2024. All rights reserved University Education for Business and Technology